Statistics for Alcohol Consumtion per Capita US States

Click here to take the quiz!

General Stats

  • This quiz has been taken 16 times
  • The average score is 21 of 25

Answer Stats

Answer% Correct
California
100%
Alaska
93%
Colorado
93%
Florida
93%
Idaho
93%
Montana
93%
Oregon
93%
Connecticut
86%
Hawaii
86%
Maine
86%
Minnesota
86%
North Dakota
86%
South Dakota
86%
Vermont
86%
Wisconsin
86%
Wyoming
86%
Louisiana
79%
Massachusetts
79%
Missouri
79%
Nevada
79%
New Hampshire
79%
Rhode Island
79%
Iowa
71%
Michigan
71%
Delaware
64%

Score Distribution

Percentile by Number Answered

Percent of People with Each Score

Your Score History

You have not taken this quiz